000
00243nam a22001097a 4500
082
_a
297 THA'L
100
_a
THANVI, MULANNA ASHRAF ALI
_9
76675
245
_a
LIFE OF MUSLIMS
260
_a
KARACHI
_b
ASHRAF
_c
1979
300
_a
176P
942
_c
BK
999
_c
582028
_d
582028